| 000 | 01608nam0a22003131 4500 | ||
|---|---|---|---|
| 001 | rc\4785863 | ||
| 005 | 20260407092504.0 | ||
| 021 |
_aRU _b[60-80094] |
||
| 035 | _a(NLR Aleph) 009032332 | ||
| 090 |
_a9497413 _c9497413 |
||
| 100 | _a20130417d1960 u y0rusy50 ca | ||
| 101 | 0 | _arus | |
| 102 | _aRU | ||
| 105 | _aa z ||||| | ||
| 200 | 1 |
_aОбщемашиностроительные нормативы времени на изготовление изделий из пластмасс _eСерийное и крупносерийное производство _fЦентр. бюро пром. нормативов по труду при Науч.-исслед. ин-те труда Гос. ком. Совета Министров СССР по вопросам труда и заработной платы |
|
| 210 |
_aМосква _cБ. и. _d1960 |
||
| 215 |
_a160 с. _cил. _d22 |
||
| 300 | _aНа 4-й с. авт. разработки: А.П. Ермолин, В.П. Зверев, П.В. Лебедев и др. | ||
| 320 | _aБиблиогр.: с. 155 (14 назв.) | ||
| 606 |
_aПластмассовые изделия _xПроизводство _jНормативы времени _2psbo |
||
| 702 | 1 |
_aЗверев _bВ.П. _4570 |
|
| 702 | 1 |
_aЛебедев _bП.В. _4570 |
|
| 702 | 1 |
_aЕрмолин _bА.П. _4570 |
|
| 712 | 0 | 2 |
_aЦентральное бюро промышленных нормативов по труду _cМосква _3RU\NLR\AUTH\8819551 _9312475 |
| 801 | 0 |
_aRU _bNLR _gpsbo |
|
| 801 | 1 |
_aRU _bELAR _2rusmarc |
|
| 852 |
_aNLR _jПт 44.7/35 |
||
| 942 | _cBOOK | ||
| 980 | _aNB | ||